000 00415nam a2200157Ia 4500
005 20250323113430.0
008 240331s9999 xx 000 0 und d
020 _a8187477245
082 _bVEN
_a894
100 _aVenkatachalapathy, A.R
245 0 _aPudumaippithan katturaikal
260 _aNagercoil
_bKalachuvadu Pathippagam
_c2002
300 _a656 p .,
500 _aputhumaippithanin katturaikal
942 _cL
999 _c4250
_d4250